000 00681nam a2200289Ia 4500
005 20260324121121.0
008 008 260324s9999 xx 000 0 eng d
020 _a9780429095023
037 _aEBOOK
040 _aCRL
040 _beng
040 _cCRL
041 _2eng
041 _aeng
084 _qCRL
100 _aWilliam L. Weber
_91161251
245 0 _aProduction, Growth, and the Environment
245 3 _bAn Economic Approach
260 _bTaylor and Francis
260 _c2014
365 _a
365 _b435
856 _uhttp://www.taylorfrancis.com/books/9780429095023
942 _cEBOOK
999 _c1753159
_d1753159